| 000 | 01977cam a22004697a 4500 | ||
|---|---|---|---|
| 003 | CHAP | ||
| 005 | 20220329141113.0 | ||
| 008 | 971014s1996 r 00010 d | ||
| 010 | _a62620 | ||
| 011 | _a63592 | ||
| 035 | _a67768 | ||
| 040 | _cCHAP | ||
| 082 |
_a630.83 _bI56 Oax. |
||
| 110 |
_aInstituto Nacional de Estadística, Geografía e Informática. México _959304 |
||
| 245 | 0 |
_aIndicadores básicos censales _b: Oaxaca |
|
| 260 |
_aAguascalientes, Ags. : _bINEGI, _c1996 |
||
| 300 |
_a2 v. _b; anexos _e+ 1 anexo (20 diagramas de universos) |
||
| 590 |
_aBATCH-UPD _b10 _c20130110 _lUCH01 _h0746 |
||
| 590 |
_aBATCH-UPD _b10 _c20130410 _lUCH01 _h0427 |
||
| 590 |
_aBATCH-UPD _b10 _c20130914 _lUCH01 _h0049 |
||
| 590 |
_aCONVERSION _b10 _c20130109 _lUCH01 _h1334 |
||
| 650 | 1 | 4 |
_aAgricultura _xEstadisticas _zOaxaca. _91462 |
| 650 | 1 | 4 |
_aAgricultura _xOaxaca. _91756 |
| 650 | 1 | 4 |
_aBosques _xEstadísticas _xOaxaca. _914154 |
| 650 | 1 | 4 |
_aCrédito agrícola _zOaxaca. _929090 |
| 650 | 1 | 4 |
_aCultivos _xEstadísticas. _930269 |
| 650 | 1 | 4 |
_aCultivos _xOaxaca. _930303 |
| 650 | 1 | 4 |
_aEjidos _zOaxaca. _936040 |
| 650 | 1 | 4 |
_aGanadería _xEstadísticas _zOaxaca. _944720 |
| 650 | 1 | 4 |
_aGanadería _xOaxaca. _944834 |
| 650 | 1 | 4 |
_aMaquinaria agrícola _xEstadísticas. _971170 |
| 650 | 1 | 4 |
_aTierras _xTenencia _xOaxaca. _9113188 |
| 790 | _aCensos agropecuarios (7o), 1991 | ||
| 901 | _aBK | ||
| 942 | _cLIBRO | ||
| 949 |
_a630.83 I56 Oax. _bBC _cC _d33724000686762 _eC _fv.2 _gI. 188155 _h92315 _i67768 _si _t100.00 |
||
| 949 |
_a630.83 I56 Oax. _bBC _cC _d33724000790002 _eC _fv.1 _gI. 188370 _h92332 _i67768 _si _t100.00 |
||
| 949 |
_a630.83 I56 Oax. _bBC _cESP _d-153153 _eESP _fanexo v.1 _h92332 _i67768 _sb _t100.00 |
||
| 949 |
_a630.83 I56 Oax. _bBC _cESP _d-153167 _eESP _fanexo v.2 _h92315 _i67768 _sb _t100.00 |
||
| 949 |
_a630.83 I56 Oax. _bBC _cESP _d677682 _eESP _fanexo v.1 c.2 _gDonaciØn _h100483 _i67768 _sb |
||
| 949 |
_a630.83 I56 Oax. _bBC _cINEGI _d33724000899589 _eINEGI _fv.1 c.2 _gDonaciØn _h100483 _i67768 _sb |
||
| 999 |
_c62620 _d62620 |
||